000 00394pab a2200145 454500
008 180718b2000 xxu||||| |||| 00| 0 eng d
100 _aWilliams, Neil
245 _aModernising government: policy networks, competition and quest for efficiency
260 _c2000
300 _ap.412-21
362 _aOct
650 _aPublic administration
773 _aPolitical Quarterly
909 _a46672
999 _c46672
_d46672